<?xml version="1.0" encoding="UTF-8"?>
<marc:record xmlns:marc="http://www.loc.gov/MARC21/slim">
   <marc:leader>00000nam a2200000 a 4500</marc:leader>
   <marc:datafield ind1="1" ind2=" " tag="100">
      <marc:subfield code="a">Neuhaus, Nele</marc:subfield>
      <marc:subfield code="4">aut</marc:subfield>
      <marc:subfield code="e">Verfasser/-in</marc:subfield>
   </marc:datafield>
   <marc:datafield ind1="0" ind2="0" tag="245">
      <marc:subfield code="a">Muttertag</marc:subfield>
   </marc:datafield>
   <marc:datafield ind1="0" ind2="0" tag="245">
      <marc:subfield code="b">Kriminalroman</marc:subfield>
   </marc:datafield>
   <marc:datafield ind1="0" ind2="0" tag="245">
      <marc:subfield code="c">Nele Neuhaus</marc:subfield>
   </marc:datafield>
   <marc:datafield ind1=" " ind2="1" tag="264">
      <marc:subfield code="a">Berlin</marc:subfield>
      <marc:subfield code="b">Ullstein</marc:subfield>
      <marc:subfield code="c">2020</marc:subfield>
   </marc:datafield>
   <marc:datafield ind1="1" ind2=" " tag="490">
      <marc:subfield code="a">Bodenstein und Kirchhoff</marc:subfield>
      <marc:subfield code="v">Bd. 9</marc:subfield>
   </marc:datafield>
   <marc:datafield ind1=" " ind2=" " tag="250">
      <marc:subfield code="a">Ungekürzte Ausgabe, 1. Auflage</marc:subfield>
   </marc:datafield>
   <marc:datafield ind1="1" ind2=" " tag="520">
      <marc:subfield code="a">Neu: Der Nr. 1 Bestseller von Nele Neuhaus! Der 9. Fall für das berühmte Ermittlerpaar Pia Sander und Oliver von Bodenstein. &lt;br/&gt;Sie hatten ein Geheimnis. Sie mussten sterben. An einem Sonntag. &lt;br/&gt;Im Wohnhaus einer stillgelegten Fabrik wird eine Leiche gefunden. Es handelt sich um den ehemaligen Betreiber des Werks, Theodor Reifenrath, wie Kriminalhauptkommissarin Pia Sander feststellt. In einem Hundezwinger machen sie und ihr Chef Oliver von Bodenstein eine grausige Entdeckung: Neben einem fast verhungerten Hund liegen menschliche Knochen verstreut und die Spurensicherung fördert immer mehr schreckliche Details zutage. Reifenrath lebte sehr zurückgezogen, seit sich zwanzig Jahre zuvor seine Frau Rita das Leben nahm. Im Dorf will niemand glauben, dass er ein Serienmörder war. &lt;br/&gt;Rechtsmediziner Henning Kirchhoff kann einige der Opfer identifizieren, die schon vor Jahren ermordet wurden. Alle waren Frauen. Alle verschwanden an einem Sonntag im Mai. Pia ist überzeugt: Der Mörder läuft noch frei herum. Er sucht sein nächstes Opfer. Und bald ist Anfang Mai. &lt;br/&gt;*** Ein Krimi, der unter die Haut geht Pflichtlektüre für alle Nele Neuhaus Fans! ***</marc:subfield>
   </marc:datafield>
   <marc:datafield ind1=" " ind2=" " tag="020">
      <marc:subfield code="a">9783548061023</marc:subfield>
      <marc:subfield code="9">9783548061023</marc:subfield>
   </marc:datafield>
   <marc:datafield ind1=" " ind2=" " tag="041">
      <marc:subfield code="a">ger</marc:subfield>
   </marc:datafield>
   <marc:datafield ind1="1" ind2=" " tag="521">
      <marc:subfield code="a">0</marc:subfield>
   </marc:datafield>
   <marc:datafield ind1=" " ind2=" " tag="300">
      <marc:subfield code="a">555 Seiten</marc:subfield>
   </marc:datafield>
</marc:record>
